| 000 | 00653cam a2200205 4500 | ||
|---|---|---|---|
| 001 | 2302 | ||
| 005 | 20181127164917.0 | ||
| 008 | 991221s2001 nyu 001 0 eng | ||
| 010 | _a 99086330 | ||
| 020 | _a0195118367 (alk. paper) | ||
| 245 | 0 | 0 |
_aEssays in context / _c Sandra Fehl Tropp. |
| 260 |
_aNew York : _bOxford University Press, _c2001. |
||
| 300 |
_al, 748 p. ; _c24 cm. |
||
| 500 | _aIncludes index. | ||
| 650 | 0 | _aCollege readers. | |
| 650 | 0 |
_aEnglish language _xRhetoric _vProblems, exercises, etc. |
|
| 650 | 0 |
_aReport writing _vProblems, exercises, etc. |
|
| 700 | 1 |
_aTropp, Sandra Fehl, _d1944- |
|
| 700 | 2 |
_aPierson-D'Angelo, Ann, _d1971- |
|
| 999 |
_c1835 _d1835 |
||